000 00732nam a2200265Ia 4500
003 OSt
005 20221007110428.0
006 a|||||r|||| 00| 0
007 ta
008 221006b |||||||| |||| 00| 0 eng d
020 _a0803918909
024 _a21,117
037 _cTextual
040 _aLCO
_cLCO
_beng
041 _2eng
_aeng
082 _aY773:45, M2
100 _aPepinsky Harold E. Ed.
_9707475
245 0 _aRethinking Criminology
260 _aLondon
_bSage Publications U.K.
_c1982
300 _a160
500 _aSage Research Progress Series in Criminology, Volume- 27
650 _aCRIMINOLOGY
942 _hY773:45, M2
_cTEXL
999 _c1190680
_d1190680